00603 a2200157 4500003000500000005001700005040000900022082001200031100001800043245007500061250001100136260004900147300001800196505021100214650002000425Nust20230202095849.0 cNust a940,COL aH. J. Chaytor aEuropean History: Great Leaders and Landmarks / cWillaim Collinge, MA aVOL-V  aLondonbThe Gresham Publishing companyc1914 aVarious pages aIntroduction (Page-1), The Welding Of The British Empire (Page-13), Pan Germanism (Page-71), Pan Slavism (Page-93), The Latin Nations (Page-131), The Powers Outside Europe (Page-170), Conclusion (Page-195). aEurpean History